Normal view
MARC view
Entry Personal Name
001 - CONTROL NUMBER
- control field: 45579
003 - CONTROL NUMBER IDENTIFIER
- control field: dpl
005 - DATE AND TIME OF LATEST TRANSACTION
- control field: 20120423120826.0
008 - FIXED-LENGTH DATA ELEMENTS
- fixed length control field: 120423|||a|||||| | ||| d
040 ## - CATALOGING SOURCE
- Original cataloging agency: dpl
- Transcribing agency: dpl
100 ## - HEADING--PERSONAL NAME
- Personal name: O'Brien, Derek
670 ## - SOURCE DATA FOUND
- Source citation: Work cat.: (dpl)65155: O'Brien, Derek, Cadbury Bourn Vita book of knowledge/, 2007
670 ## - SOURCE DATA FOUND
- Source citation: Work cat.: (dpl)65155: O'Brien, Derek, Cadbury Bourn Vita book of knowledge/, 2007
